000 00432nab a2200145Ia 4500
003 ES-SlBCS
005 20210601125318.0
008 140529s1979 xxu||||| |||| 00| 0 eng d
041 _aeng
100 1 _aSchmitz, Kenneth L.
_950890
245 0 0 _aIntimacy and the Knowledge of Persons
_c Kenneth L. Schmitz
650 0 4 _aIntimidad
_9121751
773 0 _tPresença Filosofica
_gvol. 5, nº. 3, 1979, págs. 45-50
_wRev966
942 _cAR
999 _c528279
_d528279